[Event "Campodarsego op-B 17th"]
[Site "Campodarsego"]
[Date "2006.01.21"]
[Round "2"]
[White "Caverzan, Leonardo"]
[Black "Bernardo, Davide"]
[Result "1-0"]
[WhiteElo "1551"]
[BlackElo "1473"]
[PlyCount "47"]
[EventDate "2006.01.20"]
[EventType "swiss"]
[EventRounds "5"]
[EventCountry "ITA"]
[SourceTitle "EXT 2011"]
[Source "ChessBase"]
[SourceDate "2010.11.26"]
[SourceVersion "1"]
[SourceVersionDate "2010.11.26"]
[SourceQuality "1"]

1. e4 c5 2. Nf3 Nc6 3. d4 cxd4 4. Nxd4 g6 5. Be3 Bg7 6. Nc3 a6 7. Bc4 e6 8. Qd2 Nge7 9. 0-0-0 0-0 10. h4 h5 11. Bh6 d5 12. Bxg7 Kxg7 13. Bb3 Na5 14. exd5 Nxb3+ 15. Nxb3 exd5 16. Nxd5 Be6 17. Qd4+ Kh6 18. Qf4+ Kg7 19. Qf6+ Kh6 20. Nxe7 Qe8 21. Rhe1 Rd8 22. Rxd8 Qxd8 23. Rxe6 Kh7 24. Re3 1-0

[Event "Campodarsego op-B 17th"]
[Site "Campodarsego"]
[Date "2006.01.21"]
[Round "3"]
[White "Caverzan, Leonardo"]
[Black "Vedovato, Rudi"]
[Result "1/2-1/2"]
[WhiteElo "1551"]
[BlackElo "1706"]
[PlyCount "52"]
[EventDate "2006.01.20"]
[EventType "swiss"]
[EventRounds "5"]
[EventCountry "ITA"]
[SourceTitle "EXT 2011"]
[Source "ChessBase"]
[SourceDate "2010.11.26"]
[SourceVersion "1"]
[SourceVersionDate "2010.11.26"]
[SourceQuality "1"]

1. e4 d5 2. exd5 Nf6 3. Nf3 Nxd5 4. Bc4 Bg4 5. h3 Bh5 6. d3 e6 7. Bd2 Nc6 8. g4 Bg6 9. Nc3 Bb4 10. Nxd5 Bxd2+ 11. Qxd2 exd5 12. Qe3+ Ne7 13. Bb3 0-0 14. 0-0-0 c6 15. Rde1 Re8 16. Nh4 Qd7 17. f4 h6 18. Qf3 b5 19. f5 Bh7 20. f6 Ng6 21. Nxg6 Bxg6 22. fxg7 Kxg7 23. h4 Rxe1+ 24. Rxe1 Re8 25. Rxe8 Qxe8 26. Kd2 Qe5 1/2-1/2

[Event "Campodarsego op-B 17th"]
[Site "Campodarsego"]
[Date "2006.01.20"]
[Round "1"]
[White "Bonani, Georg"]
[Black "Caverzan, Leonardo"]
[Result "1-0"]
[WhiteElo "1897"]
[BlackElo "1551"]
[PlyCount "55"]
[EventDate "2006.01.20"]
[EventType "swiss"]
[EventRounds "5"]
[EventCountry "ITA"]
[SourceTitle "EXT 2011"]
[Source "ChessBase"]
[SourceDate "2010.11.26"]
[SourceVersion "1"]
[SourceVersionDate "2010.11.26"]
[SourceQuality "1"]

1. e4 c5 2. Nf3 d6 3. d4 cxd4 4. Nxd4 Nf6 5. Nc3 e6 6. g4 e5 7. Nf5 a6 8. g5 Ng8 9. Rg1 g6 10. Ne3 Be6 11. Ned5 Bg7 12. Be3 Nd7 13. Qd2 Ne7 14. 0-0-0 Nc8 15. h4 0-0 16. Kb1 f5 17. gxf6 Nxf6 18. Bg5 Qd7 19. Bxf6 Bxf6 20. h5 Bg4 21. hxg6 Bxd1 22. gxh7+ Kxh7 23. Qxd1 Qf7 24. Nc7 Rb8 25. Bc4 Qg6 26. Rxg6 Kxg6 27. Qg4+ Bg5 28. Ne6 1-0

[Event "Treviso U2100 op"]
[Site "Treviso"]
[Date "2005.12.08"]
[Round "4.17"]
[White "Caverzan, Leonardo"]
[Black "Vascellari, Giorgio"]
[Result "1-0"]
[WhiteElo "1542"]
[BlackElo "1511"]
[PlyCount "83"]
[EventDate "2005.12.03"]
[EventType "swiss"]
[EventRounds "5"]
[EventCountry "ITA"]
[SourceTitle "EXT 2024"]
[Source "ChessBase"]
[SourceDate "2023.10.10"]
[SourceVersion "1"]
[SourceVersionDate "2023.10.10"]
[SourceQuality "1"]

1. e4 e6 2. d4 a6 3. Nf3 d6 4. Be2 Bd7 5. Bf4 Be7 6. 0-0 Nc6 7. c3 h6 8. e5 dxe5 9. Nxe5 Bf6 10. Nxc6 Bxc6 11. Nd2 Ne7 12. Bf3 0-0 13. Ne4 Nd5 14. Nxf6+ Qxf6 15. Bxd5 Bxd5 16. Bxc7 Qg6 17. Bg3 b5 18. f3 a5 19. a3 a4 20. Rc1 Bc4 21. Re1 Rfe8 22. Qc2 Bd3 23. Qd2 Bc4 24. Qe3 f5 25. Be5 Qf7 26. Qf4 Qg6 27. Qg3 Qh7 28. h4 Ra7 29. h5 Rae7 30. Kf2 Kf7 31. Rh1 Rb8 32. Rh4 Rg8 33. Qf4 Bd3 34. g4 g6 35. hxg6+ Rxg6 36. Ke3 Bc4 37. gxf5 exf5 38. Qxf5+ Kg8 39. Qc8+ Kf7 40. Rf4+ Rf6 41. Rxf6+ Kg7 42. Qf8# 1-0

[Event "Treviso U2100 op"]
[Site "Treviso"]
[Date "2005.12.04"]
[Round "2.26"]
[White "Zanatta, Diego"]
[Black "Caverzan, Leonardo"]
[Result "1-0"]
[WhiteElo "1440"]
[BlackElo "1542"]
[PlyCount "112"]
[EventDate "2005.12.03"]
[EventType "swiss"]
[EventRounds "5"]
[EventCountry "ITA"]
[SourceTitle "EXT 2024"]
[Source "ChessBase"]
[SourceDate "2023.10.10"]
[SourceVersion "1"]
[SourceVersionDate "2023.10.10"]
[SourceQuality "1"]

1. e4 c5 2. Nf3 d6 3. d3 Nc6 4. g3 Nf6 5. Bg2 Bg4 6. 0-0 e6 7. Bg5 Be7 8. Qd2 0-0 9. Nc3 a6 10. h3 Bh5 11. Ne2 Nd7 12. g4 Bg6 13. Bxe7 Qxe7 14. c3 Nde5 15. Nxe5 Nxe5 16. f4 Nd7 17. f5 exf5 18. exf5 Rfe8 19. Rae1 Bxf5 20. Rxf5 Qe3+ 21. Qxe3 Rxe3 22. Rf3 Rae8 23. Kf2 R3e7 24. d4 b5 25. a3 a5 26. Bf1 b4 27. axb4 axb4 28. Rd1 bxc3 29. bxc3 f6 30. Nf4 cxd4 31. cxd4 Nb6 32. Rb3 Nd7 33. Nd5 Re4 34. Bd3 Rxd4 35. Bxh7+ Kxh7 36. Rxd4 Nc5 37. Re3 Re5 38. Rxe5 dxe5 39. Rc4 Ne6 40. Ra4 Kg6 41. Kg3 Nd4 42. Ne7+ Kh6 43. Nf5+ Nxf5+ 44. gxf5 Kg5 45. Rg4+ Kh6 46. Rh4+ Kg5 47. Rg4+ Kh6 48. h4 Kh7 49. Rg6 Kh8 50. h5 Kh7 51. h6 gxh6 52. Rxf6 Kg7 53. Re6 e4 54. Rxe4 Kf6 55. Kf4 h5 56. Re6+ Kf7 1-0